Human rights in Ancient Rome.
Guardat en:
| Autor principal: | |
|---|---|
| Format: | Llibre |
| Publicat: |
London, United Kingdom:
Routledge, Taylor & Francis Group,
2000.
|
| Matèries: | |
| Etiquetes: |
Afegir etiqueta
Sense etiquetes, Sigues el primer a etiquetar aquest registre!
|
MARC
| LEADER | 00000cam a2200000 a 4500 | ||
|---|---|---|---|
| 001 | UCF6936 | ||
| 003 | CL-VaPUC | ||
| 005 | 20220822114521.0 | ||
| 008 | 220624t2000 ||||| |||| 00| 0 eng d | ||
| 999 | |c 436321 |d 436319 | ||
| 020 | |a 0-415-17320-5 | ||
| 040 | |c Pontificia Universidad Católica de Valparaíso | ||
| 082 | 7 | |a 323.0937 BAU 2000 |2 22 | |
| 100 | 0 | |a Bauman, Richard A |e autor |9 568903 | |
| 245 | 1 | 0 | |a Human rights in Ancient Rome. |
| 260 | |a London, United Kingdom: |b Routledge, Taylor & Francis Group, |c 2000. | ||
| 300 | |a 193 páginas. | ||
| 500 | |a c.1 Donación Familia Prof. Alejandro Guzmán Brito. | ||
| 583 | |a last modification |c 20130530 09:49:00 |k Cristina María Rojas Aguilar | ||
| 650 | |a Derecho civiles |z Roma |9 871424 | ||
| 650 | |a Derechos humanos |z Roma |9 871425 | ||
| 942 | |c BK |2 ddc |n 0 | ||
| 952 | |0 0 |1 0 |2 ddc |4 0 |6 323_093700000000000_BAU_2000 |7 0 |8 C_AGB |9 584026 |a BIBDER |b BIBDER |d 2022-06-24 |e Donación |i 5652083 |o 323.0937 BAU 2000 |p 5652083 |r 2023-01-25 |t 1 |w 2022-06-24 |y BK_US |k AGB | ||